Представление документа в формате RUSMARC

ПолеНазваниеЗначение
  Тип записи a
  Библиографический уровень m
001 Контрольный номер UONB/MAIN/ede79a5a701e432797a8b51b11bdda0d
005 Дата корректировки 20251120093230.0
010 Индекс ISBN __
b Уточнения в пер.
d Цена 1 р. 68 к.
9 Тираж 17000 экз.
100 Данные общей обработки __
a Данные общей обработки 20240529d1975 u y0rusy0189 ca
101 Язык документа 0_
a Язык текста rus
102 Страна публикации __
a Страна публикации RU
105 Кодированные данные (монография) __
a Кодированные данные (монография) a g 000yy
200 Заглавие и сведения об ответственности 1_
a Заглавие Плоский прокат
210 Выходные данные 1_
d Дата издания 1975
215 Физическое описание __
a Объем 216 с.
c Иллюстрации/тип воспроизводства ил., схем.
320 Библиография __
a Библиография Алф.-предм. указ.: с. 212-216
461 Уровень набора _0
1 2001
a Цветные металлы и сплавы
e справочник
e в 2 томах
v Т. 1
1 2101
a Москва
c Металлургия
d 1975-
1 001UONB/MAIN/eb856e2f40ce48459a106002ea7b7aed
1 203
a Текст
b визуальный
c непосредственный
1 215
d 27 см
606 Тематические рубрики 0_
a Основная рубрика Прокат из цветных металлов
j Формальный подзаголовок Справочники
610 Ключевые слова 0_
a Ключевые слова прокат из цветных металлов; цветные металлы; цветные сплавы
675 Индекс УДК __
a Индекс УДК 6П4.223
686 Индексы других классификаций __
2 Код системы rubbk
a Классификационный индекс 34.621
801 Источник записи _0
a Страна RU
b Организация Ульяновская ОНБ
c Дата составления 20240529
g Правила каталогизации RCR
801 Источник записи _1
a Страна RU
b Организация Ульяновская ОНБ
c Дата составления 20240529
g Правила каталогизации RCR
901 Тип документа __
t Тип документа n
w Контрольный № источника UONB/MAIN/eb856e2f40ce48459a106002ea7b7aed
909 Создатель записи __
a Создатель записи Горбункова
b Дата создания записи 20240529